000 00712nam a2200253Ia 4500
003 OSt
005 20220926000533.0
006 a|||||r|||| 00| 0
007 ta
008 220923b |||||||| |||| 00| 0 eng d
020 _a8185119899
037 _cGeneral Book
040 _aRTL
_cRTL
_beng
041 _2eng
_aeng
082 _aSigma, N0
100 _aRadhakrishnan Sita
_9302732
245 0 _aSocial sciences
260 _a New Delhi
_bIndian Council of Social Science Research Publications India
_c1990
300 _avi,78p
_ccm.
500 _aBib chapterwise
650 _aSocial Science
_911018
942 _hSigma, N0
_cGB
_2CC
999 _c599240
_d599240